ბათუმის შოთა რუსთაველის სახელმწიფო უნივერსიტეტის ბიბლიოთეკა

Глобализация экономики: новое слово или новое явление / (ბიბ.ჩანაწერი № 36959)

000 -LEADER
fixed length control field 00836nam a2200229Ia 4500
001 - CONTROL NUMBER
control field 2911
003 - CONTROL NUMBER IDENTIFIER
control field GE_BSU
005 - DATE AND TIME OF LATEST TRANSACTION
control field 20221102152253.0
008 - FIXED-LENGTH DATA ELEMENTS--GENERAL INFORMATION
fixed length control field 181216s1998ru xx |||||||||||||| ||rus||
020 ## - INTERNATIONAL STANDARD BOOK NUMBER
International Standard Book Number 5282019264
040 ## - CATALOGING SOURCE
Transcribing agency GE_BSU
041 ## - LANGUAGE CODE
Language code of text/sound track or separate title rus
080 ## - UNIVERSAL DECIMAL CLASSIFICATION NUMBER
Universal Decimal Classification number 339.9.01(100) Д-64
100 ## - MAIN ENTRY--PERSONAL NAME
Personal name Долгов, С. И.
9 (RLIN) 15744
245 ## - TITLE STATEMENT
Title Глобализация экономики: новое слово или новое явление /
Statement of responsibility, etc. С. И. Долгов, Ред.М.Ю. Чинякова
264 ## - PRODUCTION, PUBLICATION, DISTRIBUTION, MANUFACTURE, AND COPYRIGHT NOTICE
Place of production, publication, distribution, manufacture Москва :
Name of producer, publisher, distributor, manufacturer Экономика,
Date of production, publication, distribution, manufacture, or copyright notice 1998.
300 ## - PHYSICAL DESCRIPTION
Extent 215 ст.
653 ## - INDEX TERM--UNCONTROLLED
keyword Глобализация эконмики:
653 ## - INDEX TERM--UNCONTROLLED
keyword ეკონომიკური გლობალიზაცია
700 ## - ADDED ENTRY--PERSONAL NAME
Personal name Чинякова, М.Ю.
Relator term რედაქტორი
9 (RLIN) 15745
942 ## - ADDED ENTRY ELEMENTS (KOHA)
Koha item type წიგნი
Source of classification or shelving scheme
ეგზემპლარები
Withdrawn status Lost status Source of classification or shelving scheme Damaged status Not for loan Permanent Location Current Location Shelving location Date acquired Cost, normal purchase price Full call number Barcode Date last seen Copy number Price effective from Koha item type Public note
          ბათუმის შოთა რუსთაველის სახელმწიფო უნივერსიტეტის მთავარი ბიბლიოთეკა ბათუმის შოთა რუსთაველის სახელმწიფო უნივერსიტეტის მთავარი ბიბლიოთეკა წიგნსაცავი 2018-12-17 5.00 339.9.01(100) Д-64 7817 2018-12-17 7817 2018-12-17 წიგნი 5ლ.80თ.